<?xml version="1.0" encoding="UTF-8"?><?xml-stylesheet type="text/xsl" href="static/style.xsl"?><OAI-PMH xmlns="http://www.openarchives.org/OAI/2.0/" xmlns:xsi="http://www.w3.org/2001/XMLSchema-instance" xsi:schemaLocation="http://www.openarchives.org/OAI/2.0/ http://www.openarchives.org/OAI/2.0/OAI-PMH.xsd"><responseDate>2026-04-14T06:42:10Z</responseDate><request verb="GetRecord" identifier="oai:www.recercat.cat:2117/440473" metadataPrefix="marc">https://recercat.cat/oai/request</request><GetRecord><record><header><identifier>oai:recercat.cat:2117/440473</identifier><datestamp>2026-01-20T12:40:42Z</datestamp><setSpec>com_2072_1033</setSpec><setSpec>col_2072_452951</setSpec></header><metadata><record xmlns="http://www.loc.gov/MARC21/slim" xmlns:dcterms="http://purl.org/dc/terms/" xmlns:xsi="http://www.w3.org/2001/XMLSchema-instance" xmlns:doc="http://www.lyncode.com/xoai" xsi:schemaLocation="http://www.loc.gov/MARC21/slim http://www.loc.gov/standards/marcxml/schema/MARC21slim.xsd">
   <leader>00925njm 22002777a 4500</leader>
   <datafield ind2=" " ind1=" " tag="042">
      <subfield code="a">dc</subfield>
   </datafield>
   <datafield ind2=" " ind1=" " tag="720">
      <subfield code="a">Vogt, Georg Daniel</subfield>
      <subfield code="e">author</subfield>
   </datafield>
   <datafield ind2=" " ind1=" " tag="260">
      <subfield code="c">2025-07-25</subfield>
   </datafield>
   <datafield ind2=" " ind1=" " tag="520">
      <subfield code="a">How do built environment and socio-demographic variables influence the gender gap in bikeshare usage in Leipzig? The present master's thesis investigates gender disparities in bike-sharing usage in Leipzig, where women use such services significantly less than men. Utilising standardised district-level data, the study investigates the influence of demographic, infrastructural, and spatial factors on this imbalance. The findings indicate a robust correlation between gendered usage and various demographic factors, including education level, age, marital status, and car ownership. Conversely, infrastructural factors demonstrate minimal impact, primarily due to an absence of detailed data. It is evident that neighbourhoods which exhibit higher levels of educational attainment demonstrate more balanced usage patterns. The results emphasise the necessity for inclusive mobility policies, including the enhancement of infrastructure, the provision of targeted support for caregivers, and the creation of safer public spaces. Furthermore, educational outreach initiatives are recommended to increase participation among underrepresented groups and to reduce gender disparities in bike-sharing.</subfield>
   </datafield>
   <datafield ind2=" " ind1=" " tag="520">
      <subfield code="a">¿Cómo influyen el entorno construido y las variables sociodemográficas en las diferencias de género en el uso de bicicletas compartidas en Leipzig? La presente tesis de máster investiga las disparidades de género en el uso de bicicletas compartidas en Leipzig, donde las mujeres utilizan estos servicios de forma significativamente menor que los hombres. Utilizando datos estandarizados a nivel de distrito, el estudio investiga la influencia de factores demográficos, infraestructurales y espaciales en este desequilibrio. Los resultados indican una fuerte correlación entre el uso por género y diversos factores demográficos, como el nivel educativo, la edad, el estado civil y la propiedad de un coche. Por el contrario, los factores infraestructurales muestran un impacto mínimo, debido principalmente a la ausencia de datos detallados. Es evidente que los barrios con niveles más altos de rendimiento educativo muestran patrones de uso más equilibrados. Los resultados enfatizan la necesidad de políticas de movilidad inclusivas, incluyendo la mejora de las infraestructuras, la prestación de apoyo específico a los cuidadores y la creación de espacios públicos más seguros. Además, se recomiendan iniciativas de divulgación educativa para aumentar la participación de los grupos infrarrepresentados y reducir las disparidades de género en el uso compartido de bicicletas.</subfield>
   </datafield>
   <datafield tag="653" ind2=" " ind1=" ">
      <subfield code="a">Àrees temàtiques de la UPC::Desenvolupament humà i sostenible::Desenvolupament humà::Igualtat de gènere</subfield>
   </datafield>
   <datafield tag="653" ind2=" " ind1=" ">
      <subfield code="a">Gender equality</subfield>
   </datafield>
   <datafield tag="653" ind2=" " ind1=" ">
      <subfield code="a">Bicycle commuting</subfield>
   </datafield>
   <datafield tag="653" ind2=" " ind1=" ">
      <subfield code="a">Gender disparities</subfield>
   </datafield>
   <datafield tag="653" ind2=" " ind1=" ">
      <subfield code="a">Disparitats de gènere</subfield>
   </datafield>
   <datafield tag="653" ind2=" " ind1=" ">
      <subfield code="a">Bike-sharing</subfield>
   </datafield>
   <datafield tag="653" ind2=" " ind1=" ">
      <subfield code="a">Bicicletes compartides</subfield>
   </datafield>
   <datafield tag="653" ind2=" " ind1=" ">
      <subfield code="a">Igualtat entre els sexes</subfield>
   </datafield>
   <datafield tag="653" ind2=" " ind1=" ">
      <subfield code="a">Desplaçaments en bicicleta</subfield>
   </datafield>
   <datafield ind2="0" ind1="0" tag="245">
      <subfield code="a">Gender disparities in bike sharing: case study in Leipzig</subfield>
   </datafield>
</record></metadata></record></GetRecord></OAI-PMH>